01194nas a2200301 4500001001000000003000900010005001700019007000300036008003400039040005400073041000900127072000800136100001900144100002000163100002000183100001600203111009100219245010100310246009800411650002300509650001500532650001200547773010100559909004000660942001800700999001900718952015500737BR8300411BR-BrBNA20231205085416.0ta230509b bl.|||p| |||| 00| 00por d aBR-BrBNAbporcBiblioteca Nacional de Agricultura a(Pt) aK101 aSilva, J.A. da1 aSchneider, P.R.1 aElesbao, L.E.G.1 aBrena, D.A.1 aCongresso Nacional sobre Essencias NativascCampos do Jordao, SP (Brazil)d12 Sep 19821 aProducao das florestas naturais ao longo do Rio Branco no territorio federal de Roraima [Brasil]1 a[Production of natural forests along Rio Branco in the federal territory of Roraima [Brazil]] aPRODUCAO FLORESTAL aRIO BRANCO aRORAIMA0 tSilvicultura em Sao Paulo (Brazil)xISSN 0583-3132g(1982), v. 16-A(pt. 1) p. 604-612wBR8300411 a202311bLúciac55dLúcia Elande 2AGRISn0cANA c111269d111269 002AGRIS4071a41918b41918cPeriódicos Agrícolash(1982), v. 16-A(pt. 1) p. 604-612l0r2023-11-29t01yCRePortaria Interministerial nº 164/94